header

Working out of poverty (Record no. 25580)

MARC details
000 -LEADER
fixed length control field 01424nam a22003734a 4500
082 04 - DEWEY DECIMAL CLASSIFICATION NUMBER
Classification number 331.12096
100 1# - MAIN ENTRY--AUTHOR NAME
Personal name Fox, M. Louise.
245 10 - TITLE STATEMENT
Title Working out of poverty
260 ## - PUBLICATION, DISTRIBUTION, ETC. (IMPRINT)
Place of publication Washington, D.C. :
Name of publisher World Bank,
Year of publication c2008.
300 ## - PHYSICAL DESCRIPTION
Number of Pages xi, 81 p. :
Other physical details ill.
490 0# - SERIES STATEMENT
Series statement Directions in development
650 #0 - SUBJECT ADDED ENTRY--TOPICAL TERM
Topical Term Job creation
Topical Term Labor supply
Topical Term Labor market
700 1# - ADDED ENTRY--PERSONAL NAME
Personal name Gaal, Melissa Sekkel,
856 40 - ELECTRONIC LOCATION AND ACCESS
Uniform Resource Identifier http://site.ebrary.com/lib/rucke/Doc?id=10231568

No items available.

© 2026 Rongo University
Contact us: librarian | system librarian | Rongo university